00785nam a2200229Ii 45000010005000000030009000050080041000140200015000550400033000700410008001030840011001111000023001222450018001452640094001633000012002573360026002693370028002953380027003239400050003509990017004009520138004171434CO-ViMGA241108s9999||||xx |||||||||||||| ||und|| a9589694047 aCO-ViMGAbspaerdacCO-ViMGA0 aspa aN ROM41 aRomero, Flor9796610aYo, Policarpa 1a[Lugar de publicación no identificado] : UNEDA Unión de Escritores de América, 2003 avolumen atextbtxt2rdacontent aunmediatedbn2rdamedia avolumebnc2rdacarrier aidficha_siabuc: 1406. -- ficha_no_siabuc:1434 c46630d46630 001040708012aMEVIGERRbMEVIGERRcLITd2004-09-20hVol.1oN ROM4pECA16577r2024-11-26 09:36:26tEj.1w2024-11-26yBKz1406 | 1680